000 00766nam a22002417a 4500
005 20170124110001.0
010 _aB-060445
020 _c125.00
_a0333935012
035 _aB-060445
037 _bCen Lib/Ret
040 _aDPL
_bEN
082 _a363.7
_bGRA
100 _aGraham, Kevin
_915826
245 _aEnvironmental heroes :
_cby Kevin Graham [and] Gary Chandler
_bsuccess stories of people at work for the earth /
260 _aNew Delhi
_bMacmillan India
_c1996
270 _bNew Delhi
_a2/10, Ansari road, daryaganj
300 _aix,244p. :
_c20cm(pbk)
_bill.
500 _aIncludes index
650 _aEnvironmental science
_910584
650 _aEcology
_9155
700 _aChandler, Gary
_989125
942 _2ddc
_cEN
_h363.7
_mGRA
999 _c125873
_d125873